Statistics for Countries With The Shortest Life Expectancy In The Americas

Click here to take the quiz!

General Stats

  • This quiz has been taken 28 times
  • The average score is 14 of 15

Answer Stats

Life Expectancy (Years)Country% Correct
66.19Guyana
100%
63.51Haiti
100%
71.81Suriname
100%
70.45Belize
96%
73.53Dominican Republic
96%
73.23Guatemala
96%
71.82Trinidad and Tobago
96%
74.05Venezuela
96%
75.11Colombia
93%
73.68El Salvador
93%
74.19Paraguay
93%
71.50Bolivia
89%
75.00Antigua and Barbuda
85%
71.96Saint Vincent and the Grenadines
85%
73.40Grenada
74%

Score Distribution

Percentile by Number Answered

Percent of People with Each Score

Your Score History

You have not taken this quiz